Viajeros por Guanacaste /
Furkejuvvon:
| Váldodahkki: | |
|---|---|
| Materiálatiipa: | Dovdameahttun |
| Giella: | Spanish |
| Almmustuhtton: |
San José, Costa Rica :
Ministerio de Cultura, Juventud y Deportes,
1974.
|
| Fáttát: | |
| Fáddágilkorat: |
Lasit fáddágilkoriid
Eai fáddágilkorat, Lasit vuosttaš fáddágilkora!
|
MARC
| LEADER | 000000000a22000000004500 | ||
|---|---|---|---|
| 001 | 002102 | ||
| 041 | 0 | |a spa | |
| 082 | 0 | 4 | |a 972.862 |b M519v |
| 100 | 1 | |a Meléndez Chaverri, Carlos | |
| 245 | 1 | 0 | |a Viajeros por Guanacaste / |c Carlos Meléndez Chaverri. |
| 260 | 1 | |a San José, Costa Rica : |b Ministerio de Cultura, Juventud y Deportes, |c 1974. | |
| 300 | |a 557 páginas | ||
| 650 | 4 | |a GUANACASTE, (COSTA RICA) | |
| 650 | 4 | |a VIAJES | |
| 650 | 4 | |a TRAVESIAS | |
| 999 | |c 8697 |d 8697 | ||
| 942 | |c BK |h 972.862 M519v |2 z | ||
